[Event "XXVI Festival Conca della Presolana B"]
[Site "Bratto - Castione della Presolana ITA"]
[Date "2006.08.23"]
[Round "4"]
[White "La Manna, Andrea"]
[Black "Bassis, Ivano"]
[Result "1-0"]
[WhiteElo "1895"]
[BlackElo "1820"]
[PlyCount "81"]
[EventDate "2006.08.20"]

1. d4 Nf6 2. c4 c5 3. d5 b5 4. cxb5 a6 5. f3 e6 6. e4 c4 7. d6 axb5 8. Nc3 Qa5
9. Be3 Nc6 10. Qd2 g6 11. Nge2 Bg7 12. Nd4 Nxd4 13. Bxd4 Bb7 14. a4 Bc6 15. e5
Nd5 16. Nxd5 Bxd5 17. Qxa5 Rxa5 18. b3 O-O 19. Kd2 Rb8 20. Be2 Bh6+ 21. Be3 c3+
22. Kd3 Bxe3 23. Kxe3 b4 24. Rhb1 Bc6 25. f4 Bxg2 26. Bb5 Ra7 27. Kd4 Rc8 28.
a5 c2 29. Rc1 Bd5 30. Ra4 Bxb3 31. Rxb4 Ba2 32. a6 Bb1 33. Rc4 Rxc4+ 34. Bxc4
Kf8 35. Kc5 Ra8 36. Kb6 Rb8+ 37. Ka5 Ke8 38. a7 Rc8 39. Ba6 Ra8 40. Kb6 Ba2 41.
Bb7 1-0

[Event "XXVI Festival Conca della Presolana B"]
[Site "Bratto - Castione della Presolana ITA"]
[Date "2006.08.23"]
[Round "4"]
[White "Marguerettaz, Davy"]
[Black "Boffa, Mauro"]
[Result "0-1"]
[WhiteElo "1700"]
[BlackElo "1900"]
[PlyCount "65"]
[EventDate "2006.08.20"]

1. e4 c5 2. Nc3 Nc6 3. g3 g6 4. Bg2 Bg7 5. Nge2 d6 6. d3 Rb8 7. O-O e6 8. f4
Nge7 9. h3 O-O 10. g4 f5 11. Ng3 Nd4 12. Nce2 b5 13. c3 Nxe2+ 14. Qxe2 b4 15.
Bd2 Bd7 16. Rae1 Re8 17. cxb4 Bxb2 18. bxc5 Bd4+ 19. Be3 Rb2 20. Qf3 dxc5 21.
Bxd4 cxd4 22. Re2 Qb6 23. Qf2 Rb8 24. Rc1 fxe4 25. Nxe4 Rxe2 26. Qxe2 Nd5 27.
Qd2 Rf8 28. Nc5 Qd6 29. Nxd7 Qxd7 30. Bxd5 Qxd5 31. Re1 Qf3 32. Qe2 Qg3+ 33.
Kf1 0-1

[Event "XXVI Festival Conca della Presolana B"]
[Site "Bratto - Castione della Presolana ITA"]
[Date "2006.08.23"]
[Round "4"]
[White "Milanesi, Erminio"]
[Black "Regorda, Vittorio"]
[Result "1-0"]
[WhiteElo "1874"]
[BlackElo "1949"]
[PlyCount "67"]
[EventDate "2006.08.20"]

1. e4 e6 2. d3 c5 3. g3 Nc6 4. Nc3 d6 5. Bg2 g6 6. Nce2 Bg7 7. Nh3 Nge7 8. O-O
O-O 9. c3 e5 10. f4 h6 11. Nf2 Be6 12. Be3 Qd7 13. Qd2 Kh7 14. d4 cxd4 15. cxd4
Bc4 16. d5 Nd4 17. Bxd4 exd4 18. Nd3 Qb5 19. a4 Qa6 20. Nec1 f5 21. b3 Bxd3 22.
Nxd3 Rfe8 23. e5 Qb6 24. b4 Rac8 25. a5 Qb5 26. exd6 Ng8 27. d7 Qxd7 28. Nc5
Qb5 29. Rae1 b6 30. Rxe8 Rxe8 31. Ne6 Bf6 32. Rc1 bxa5 33. bxa5 Kh8 34. Nxd4
1-0

[Event "XXVI Festival Conca della Presolana B"]
[Site "Bratto - Castione della Presolana ITA"]
[Date "2006.08.23"]
[Round "4"]
[White "Nepi, Ezio"]
[Black "Panigoni, Giuseppe"]
[Result "0-1"]
[WhiteElo "1817"]
[BlackElo "1892"]
[PlyCount "98"]
[EventDate "2006.08.20"]

1. Nf3 d5 2. d4 Nf6 3. c4 e6 4. Nc3 Be7 5. cxd5 exd5 6. Bg5 c6 7. e3 Nbd7 8.
Qc2 h6 9. Bh4 Nh5 10. Bxe7 Qxe7 11. Bd3 Nhf6 12. O-O O-O 13. Rfe1 Re8 14. e4
dxe4 15. Nxe4 Nxe4 16. Rxe4 Qf8 17. Rxe8 Qxe8 18. Re1 Qf8 19. Bc4 Nb6 20. Bb3
Nd5 21. Bxd5 cxd5 22. Qc7 Be6 23. Qxb7 Rb8 24. Qxa7 Rxb2 25. Ne5 Qb4 26. Rf1
Rb1 27. a4 Qb6 28. Qxb6 Rxb6 29. Ra1 f6 30. a5 Ra6 31. Nd3 Kf7 32. Nc5 Ra7 33.
Kf1 Ke7 34. Ke1 Kd6 35. Rb1 Bd7 36. Kd2 Bc6 37. Ra1 Bb5 38. Kc3 Kc6 39. Kb4 Bc4
40. Ra3 Ra8 41. Re3 Rb8+ 42. Ka3 Rb1 43. Re6+ Kb5 44. a6 Ra1+ 45. Kb2 Ra2+ 46.
Kb1 Kb4 47. Re7 Kc3 48. a7 Kxd4 49. Re4+ dxe4 0-1

[Event "XXVI Festival Conca della Presolana B"]
[Site "Bratto - Castione della Presolana ITA"]
[Date "2006.08.23"]
[Round "4"]
[White "Orsi, Lorenzo"]
[Black "Reginato, Mauro"]
[Result "0-1"]
[WhiteElo "1682"]
[BlackElo "1823"]
[PlyCount "64"]
[EventDate "2006.08.20"]

1. e4 e5 2. d4 exd4 3. Qxd4 Nc6 4. Qe3 d6 5. Nc3 Nf6 6. Bd2 Qe7 7. O-O-O Be6 8.
f4 g6 9. h3 Bg7 10. Nf3 Nd7 11. g4 f5 12. gxf5 gxf5 13. Ng5 Bd4 14. Qf3 O-O-O
15. Re1 Qf6 16. exf5 Bxf5 17. Bb5 Nb4 18. Nge4 Qf7 19. a3 Nxc2 20. Kxc2 d5 21.
Kc1 dxe4 22. Nxe4 Bxe4 23. Qxe4 Nc5 24. Qc2 Nb3+ 25. Kb1 Nxd2+ 26. Qxd2 Rd6 27.
Be2 Rhd8 28. Bg4+ Kb8 29. Qc1 Bxb2 30. Kxb2 Rd2+ 31. Kc3 R8d3+ 32. Kb4 Qb3+ 0-1

[Event "XXVI Festival Conca della Presolana B"]
[Site "Bratto - Castione della Presolana ITA"]
[Date "2006.08.23"]
[Round "4"]
[White "Peron, Davide"]
[Black "Brunelli, Giovanni"]
[Result "0-1"]
[WhiteElo "1724"]
[BlackElo "1882"]
[PlyCount "96"]
[EventDate "2006.08.20"]

1. e4 c5 2. Nf3 d6 3. Bb5+ Bd7 4. Bxd7+ Nxd7 5. O-O Ngf6 6. Re1 e5 7. c3 Be7 8.
d4 cxd4 9. cxd4 exd4 10. Nxd4 O-O 11. Nc3 Re8 12. h3 a6 13. Nf5 Nc5 14. Ng3 Qc7
15. Bf4 Ne6 16. Be3 Rad8 17. Rc1 Qb8 18. Bb6 Rd7 19. Nf5 Bd8 20. Na4 Nc5 21.
Bxd8 Qxd8 22. Nxc5 dxc5 23. Qc2 Rd2 24. Qc3 b5 25. Rc2 Rxc2 26. Qxc2 c4 27. f3
Qa5 28. Ra1 g6 29. Nd6 Rd8 30. Nb7 Qd2 31. Rc1 Qe3+ 32. Kh1 Rd2 33. Qc3 Qf2 34.
Rg1 Nh5 35. Qe5 Ng3+ 36. Kh2 Nf1+ 37. Kh1 Qg3 38. Qxg3 Nxg3+ 39. Kh2 Ne2 40.
Rb1 Nf4 41. Kg3 Nxg2 42. Nc5 a5 43. Nb7 a4 44. a3 Ne3 45. Na5 Nd1 46. Nc6 Nxb2
47. Na7 c3 48. Rc1 c2 0-1

[Event "XXVI Festival Conca della Presolana B"]
[Site "Bratto - Castione della Presolana ITA"]
[Date "2006.08.23"]
[Round "4"]
[White "Pesce, Leandro"]
[Black "Bernasconi, Roberto"]
[Result "0-1"]
[WhiteElo "1767"]
[BlackElo "1933"]
[PlyCount "90"]
[EventDate "2006.08.20"]

1. e4 e5 2. Nf3 Nf6 3. Nxe5 d6 4. Nf3 Nxe4 5. Nc3 Nxc3 6. dxc3 Be7 7. Bf4 Nd7
8. Qd2 O-O 9. O-O-O Nc5 10. Re1 Ne6 11. Be3 Bd7 12. h4 Bc6 13. h5 h6 14. Kb1 a5
15. Bd3 Nc5 16. Rh3 Nxd3 17. cxd3 Kh7 18. g4 Bxf3 19. Rxf3 Bg5 20. d4 Kg8 21.
Qd3 Qd7 22. Bxg5 hxg5 23. Rf5 f6 24. Rf3 Rfe8 25. Rg1 Qf7 26. Rh1 Re7 27. Re3
Rae8 28. Rhe1 b6 29. Qg6 Rxe3 30. Rxe3 Rxe3 31. fxe3 Qxg6+ 32. hxg6 d5 33. Kc2
Kf8 34. Kd3 Ke7 35. c4 c6 36. a4 f5 37. gxf5 Kf6 38. e4 dxe4+ 39. Kxe4 g4 40.
d5 cxd5+ 41. cxd5 g3 42. d6 g2 43. d7 Ke7 44. f6+ gxf6 45. g7 g1=Q 0-1

[Event "XXVI Festival Conca della Presolana B"]
[Site "Bratto - Castione della Presolana ITA"]
[Date "2006.08.23"]
[Round "4"]
[White "Romano, Roberto"]
[Black "Sottroi, Carlo"]
[Result "1/2-1/2"]
[WhiteElo "1733"]
[BlackElo "2008"]
[PlyCount "43"]
[EventDate "2006.08.20"]

1. e4 e6 2. d4 d5 3. e5 c5 4. c3 Nc6 5. Nf3 Qb6 6. a3 cxd4 7. cxd4 Nge7 8. b4
Nf5 9. Bb2 Be7 10. Bd3 Bd7 11. Bxf5 exf5 12. Nc3 Be6 13. O-O O-O 14. Rc1 Rac8
15. Na4 Qd8 16. Re1 b6 17. Re3 Qd7 18. h4 Nb8 19. g3 Rxc1 20. Bxc1 Rc8 21. Rc3
Rxc3 22. Nxc3 1/2-1/2

[Event "XXVI Festival Conca della Presolana B"]
[Site "Bratto - Castione della Presolana ITA"]
[Date "2006.08.23"]
[Round "4"]
[White "Sanzani, Pierluigi"]
[Black "Gozzini, Giambattista"]
[Result "1-0"]
[WhiteElo "1892"]
[BlackElo "1721"]
[PlyCount "115"]
[EventDate "2006.08.20"]

1. e4 c6 2. d4 d5 3. e5 Bf5 4. Nc3 Qb6 5. Nf3 e6 6. h3 Nd7 7. Na4 Qc7 8. Bf4 a6
9. Bd3 Bxd3 10. Qxd3 b5 11. Nc3 c5 12. O-O c4 13. Qd2 Be7 14. Nxd5 Qb7 15. Ne3
Nb6 16. c3 h6 17. Qc2 g5 18. Bg3 h5 19. h4 g4 20. Nd2 Nh6 21. a4 Kd7 22. axb5
axb5 23. b3 Rxa1 24. Rxa1 cxb3 25. Qxb3 Nd5 26. Nxd5 exd5 27. Rb1 Nf5 28. Qxb5+
Qxb5 29. Rxb5 Kc6 30. Ra5 Kb6 31. Rxd5 Kc6 32. Ra5 Rd8 33. Kf1 Kb6 34. Ra2 Rc8
35. Ne4 Nxh4 36. Bxh4 Bxh4 37. g3 Be7 38. Ke2 Rh8 39. c4 h4 40. gxh4 Rxh4 41.
Ng3 Rh2 42. Nf1 Rh1 43. Ng3 Rh2 44. Ke3 Bg5+ 45. Ke4 f5+ 46. Nxf5 Bh4 47. Nxh4
Rxh4 48. Rd2 g3+ 49. Kf3 gxf2 50. Kxf2 Kc6 51. Kg3 Rh1 52. d5+ Kd7 53. c5 Rc1
54. c6+ Ke7 55. Kf4 Rf1+ 56. Ke4 Re1+ 57. Kd4 Rh1 58. d6+ 1-0

[Event "XXVI Festival Conca della Presolana B"]
[Site "Bratto - Castione della Presolana ITA"]
[Date "2006.08.23"]
[Round "4"]
[White "Saracco, Marco"]
[Black "Vignoli, Matteo"]
[Result "0-1"]
[WhiteElo "1780"]
[BlackElo "1941"]
[PlyCount "100"]
[EventDate "2006.08.20"]

1. d4 Nf6 2. c4 g6 3. Nc3 Bg7 4. e4 d6 5. Nf3 O-O 6. Be2 e5 7. O-O Nc6 8. d5
Ne7 9. Ne1 Ne8 10. f3 f5 11. Nd3 Kh8 12. g4 Nf6 13. Be3 Bd7 14. c5 b6 15. c6
Bc8 16. b4 Neg8 17. Kg2 Qe7 18. Bf2 Bh6 19. h4 Ne8 20. Rh1 Bf4 21. Nxf4 exf4
22. Bd4+ Ng7 23. Qg1 Nf6 24. g5 Nfh5 25. Bd3 Kg8 26. Re1 Qf7 27. e5 Ng3 28. Rh2
dxe5 29. Rxe5 Ne4 30. fxe4 f3+ 31. Kf2 fxe4 32. Nxe4 Qf4 33. Qg3 Qc1 34. Qg1
Qa3 35. Qb1 Nf5 36. Be3 Ba6 37. b5 Nxe3 38. Kxe3 Bxb5 39. Nf6+ Rxf6 40. gxf6
Qd6 41. Qb2 Ba4 42. h5 Qxf6 43. Re8+ Rxe8+ 44. Be4 Qe7 45. Qd4 Qg5+ 46. Kd3
Bb5+ 47. Kc3 Qc1+ 48. Kb4 Qf4 49. Kxb5 Rxe4 50. Qb2 Ra4 0-1

[Event "XXVI Festival Conca della Presolana B"]
[Site "Bratto - Castione della Presolana ITA"]
[Date "2006.08.23"]
[Round "4"]
[White "Scarpellini, Felice"]
[Black "Elsido, Massimo"]
[Result "1/2-1/2"]
[WhiteElo "1913"]
[BlackElo "1742"]
[PlyCount "84"]
[EventDate "2006.08.20"]

1. c4 Nf6 2. Nc3 g6 3. g3 Bg7 4. Bg2 O-O 5. Nf3 d6 6. d3 e5 7. Rb1 Nbd7 8. O-O
Rb8 9. e4 Ne8 10. Ng5 Nc5 11. f4 f6 12. Nf3 Bg4 13. h3 Bxf3 14. Qxf3 Ne6 15. f5
Nd4 16. Qf2 g5 17. Be3 c5 18. b4 b6 19. Bxd4 cxd4 20. Nd5 Nc7 21. Rfc1 Rc8 22.
Rc2 Nxd5 23. cxd5 Rxc2 24. Qxc2 Qc8 25. Qc6 Qxc6 26. dxc6 Rc8 27. b5 Bf8 28.
Bf3 Be7 29. Bd1 Bd8 30. Bb3+ Kf8 31. Be6 Ra8 32. Kg2 Bc7 33. Kf3 a6 34. a4 axb5
35. axb5 h5 36. Rb2 Ke7 37. Ra2 Ra5 38. Bc4 d5 39. exd5 Kd6 40. Ke4 Kc5 41. Re2
Ra1 42. Kf3 Ra3 1/2-1/2

[Event "XXVI Festival Conca della Presolana B"]
[Site "Bratto - Castione della Presolana ITA"]
[Date "2006.08.23"]
[Round "4"]
[White "Simone, Marco"]
[Black "Cambieri, Mario"]
[Result "0-1"]
[WhiteElo "1880"]
[BlackElo "1814"]
[PlyCount "84"]
[EventDate "2006.08.20"]

1. e4 c5 2. c3 d5 3. exd5 Qxd5 4. d4 cxd4 5. Nf3 Nf6 6. cxd4 e6 7. Nc3 Qd8 8.
Be2 Be7 9. O-O Nc6 10. Bg5 O-O 11. Qd2 b6 12. Rfd1 Nb4 13. a3 Nbd5 14. Bd3 Bb7
15. Ne4 Rc8 16. Nxf6+ Nxf6 17. Qf4 Bxf3 18. Qxf3 Qd5 19. Qxd5 Nxd5 20. Bd2 Bf6
21. Be3 Rc6 22. Be4 Rfc8 23. Bxd5 exd5 24. Kf1 Rc2 25. Ke1 Rxb2 26. Rdc1 Rbc2
27. Kd1 Rxc1+ 28. Rxc1 Rxc1+ 29. Kxc1 Kf8 30. Kc2 b5 31. Kc3 Be7 32. Kb3 a5 33.
a4 b4 34. Bf4 Bd8 35. Bd6+ Ke8 36. Bxb4 axb4 37. Kxb4 Bb6 38. Kc3 Ke7 39. g4
Kf6 40. h4 h5 41. f3 hxg4 42. fxg4 Kg6 0-1

[Event "XXVI Festival Conca della Presolana B"]
[Site "Bratto - Castione della Presolana ITA"]
[Date "2006.08.23"]
[Round "4"]
[White "Tafur, Abel"]
[Black "Roversi, Stefano"]
[Result "1-0"]
[WhiteElo "1966"]
[BlackElo "1857"]
[PlyCount "90"]
[EventDate "2006.08.20"]

1. e4 c5 2. Nf3 Nc6 3. d4 cxd4 4. Nxd4 a6 5. Nc3 e6 6. Be2 Nge7 7. O-O Nxd4 8.
Qxd4 Nc6 9. Qd1 b5 10. a3 Bb7 11. Be3 Rc8 12. f3 Be7 13. Qe1 O-O 14. Qf2 Ne5
15. Rfd1 Nc4 16. Bxc4 Rxc4 17. Rd4 Qc8 18. Rad1 Rxd4 19. Bxd4 f5 20. e5 Qc6 21.
Nb1 g5 22. c3 g4 23. Nd2 Kh8 24. Kf1 Rg8 25. Ke2 gxf3+ 26. gxf3 Bg5 27. f4 Be7
28. Rg1 Rxg1 29. Qxg1 Qd5 30. Qg3 a5 31. Qf3 b4 32. Qxd5 Bxd5 33. axb4 axb4 34.
c4 Bc6 35. Nb3 Kg8 36. Bc5 Bxc5 37. Nxc5 Kf7 38. Ke3 Ke7 39. Nd3 b3 40. Nc5 d5
41. Nxb3 dxc4 42. Nd2 Bd5 43. Kd4 Kd7 44. Nxc4 Kc6 45. Nd6 Kb6 1-0

[Event "XXVI Festival Conca della Presolana B"]
[Site "Bratto - Castione della Presolana ITA"]
[Date "2006.08.23"]
[Round "4"]
[White "Vanzan, Alessandro"]
[Black "Galasso, Daniele"]
[Result "1/2-1/2"]
[WhiteElo "1835"]
[BlackElo "1721"]
[PlyCount "95"]
[EventDate "2006.08.20"]

1. c4 c5 2. Nc3 Nc6 3. Nf3 Nf6 4. g3 g6 5. Bg2 Bg7 6. O-O O-O 7. d3 d6 8. Rb1
Rb8 9. a3 Nd7 10. Bd2 Nde5 11. Nxe5 Nxe5 12. b4 b6 13. bxc5 dxc5 14. Ne4 Bd7
15. Bf4 Rc8 16. Qc1 f5 17. Nc3 Bc6 18. Nd5 Nf7 19. e4 e6 20. Nc3 Bd4 21. Nb5
Qd7 22. Nxd4 Qxd4 23. Rd1 Rfd8 24. Be3 Qf6 25. Kh1 Rd6 26. e5 Bxg2+ 27. Kxg2
Nxe5 28. Bg5 Qg7 29. Qe3 Ng4 30. Qe2 h6 31. Bc1 Qe5 32. Qd2 Qg7 33. h3 Ne5 34.
Qe2 Rcd8 35. Bb2 Qb7+ 36. f3 Nf7 37. Qc2 Qd7 38. Bf6 Re8 39. Ba1 e5 40. Qc3 Qc6
41. h4 Qd7 42. f4 Rde6 43. Re1 Qd4 44. Qd2 Qd6 45. fxe5 Nxe5 46. Bxe5 Rxe5 47.
Rxe5 Qxe5 48. Qxh6 1/2-1/2

[Event "XXVI Festival Conca della Presolana B"]
[Site "Bratto - Castione della Presolana ITA"]
[Date "2006.08.23"]
[Round "4"]
[White "Villa, Claudio"]
[Black "Bonotto, Giorgio"]
[Result "1-0"]
[WhiteElo "1753"]
[BlackElo "1918"]
[PlyCount "73"]
[EventDate "2006.08.20"]

1. b3 e5 2. Bb2 d6 3. c4 b6 4. e3 Bb7 5. Nf3 Nd7 6. d4 e4 7. Nfd2 d5 8. cxd5
Bxd5 9. Nc3 Ndf6 10. Nxd5 Qxd5 11. Bc4 Qa5 12. a3 b5 13. b4 Qb6 14. Bb3 Ne7 15.
O-O Nc8 16. Nxe4 Nxe4 17. Bd5 Ncd6 18. Bxa8 Nc4 19. Bxe4 Nxb2 20. Qc2 Nc4 21.
Bd3 Bd6 22. Bxc4 bxc4 23. Qxc4 O-O 24. Rfc1 Re8 25. Qc6 Qb8 26. e4 Bf4 27. Rc2
Re6 28. Qd5 Bxh2+ 29. Kf1 Rh6 30. Ke2 Bd6 31. e5 Be7 32. Rac1 Bd8 33. Rc6 Rh5
34. Qc4 g6 35. g4 Rh2 36. Rc3 h5 37. Rf3 1-0

[Event "XXVI Festival Conca della Presolana B"]
[Site "Bratto - Castione della Presolana ITA"]
[Date "2006.08.24"]
[Round "5"]
[White "Acunzo, Domenico"]
[Black "Longo, Pietro"]
[Result "0-1"]
[WhiteElo "1764"]
[BlackElo "1757"]
[PlyCount "64"]
[EventDate "2006.08.20"]

1. e4 c5 2. Nf3 d6 3. h3 Nf6 4. c3 g6 5. d4 cxd4 6. Qxd4 Nc6 7. Qe3 Bg7 8. Bd3
O-O 9. O-O Qc7 10. Na3 a6 11. Nc2 b5 12. Bd2 Bb7 13. Rac1 e5 14. Nb4 Rac8 15.
c4 Nxb4 16. Bxb4 Qb8 17. cxb5 axb5 18. Bb1 Rc4 19. Rxc4 bxc4 20. Ba3 Rc8 21.
Rc1 d5 22. exd5 Nxd5 23. Qe1 Nf4 24. Be4 Bxe4 25. Qxe4 f5 26. Qc2 e4 27. Ne1
Nd3 28. Rb1 Bd4 29. Nxd3 cxd3 30. Qa4 Qb6 31. Qb3+ Qxb3 32. axb3 d2 0-1

[Event "XXVI Festival Conca della Presolana B"]
[Site "Bratto - Castione della Presolana ITA"]
[Date "2006.08.24"]
[Round "5"]
[White "Allegretti, Luigi"]
[Black "Ferrarese, Giacomo"]
[Result "1-0"]
[WhiteElo "1981"]
[BlackElo "1721"]
[PlyCount "73"]
[EventDate "2006.08.20"]

1. d4 f5 2. Bf4 Nf6 3. e3 e6 4. Nd2 Be7 5. Be2 d6 6. c3 Nbd7 7. Ngf3 h6 8. h3
O-O 9. Qb3 Nb6 10. h4 Bd7 11. h5 Nfd5 12. a4 Nxf4 13. exf4 d5 14. a5 Nc8 15.
Qxb7 Nd6 16. Qb3 Rb8 17. Qc2 Bb5 18. Bxb5 Rxb5 19. b4 Ne4 20. Ne5 Bf6 21. Ng6
Rf7 22. Nf3 c6 23. Nfe5 Rc7 24. f3 Nd6 25. Qe2 Qe8 26. Nd3 Nb7 27. a6 Nd8 28.
Nc5 Rb6 29. Kf2 Rc8 30. Rae1 Qf7 31. Qd3 Be7 32. Nxe7+ Qxe7 33. Qxf5 Qf7 34.
Qxf7+ Kxf7 35. Re2 Rc7 36. Rhe1 Kf8 37. Rxe6 {...} 1-0

[Event "XXVI Festival Conca della Presolana B"]
[Site "Bratto - Castione della Presolana ITA"]
[Date "2006.08.24"]
[Round "5"]
[White "Bassis, Ivano"]
[Black "Nardone, Massimo"]
[Result "0-1"]
[WhiteElo "1820"]
[BlackElo "1902"]
[PlyCount "114"]
[EventDate "2006.08.20"]

1. e4 e5 2. Nf3 Nf6 3. d4 Nxe4 4. Bd3 d5 5. Nxe5 Bd6 6. O-O O-O 7. c4 c6 8. Nc3
Nxc3 9. bxc3 dxc4 10. Nxc4 Be7 11. Bf4 Nd7 12. Re1 Nf6 13. Ne3 Re8 14. Bc2 Nd5
15. Qd3 g6 16. Nxd5 Qxd5 17. Re5 Qd8 18. Rae1 Be6 19. Bb3 Bd6 20. Bg5 Qd7 21.
Rxe6 Rxe6 22. Bxe6 fxe6 23. Qe3 Re8 24. c4 Bb4 25. Re2 b5 26. Qb3 a5 27. Be3
Bf8 28. Rd2 bxc4 29. Qxc4 Bg7 30. Kf1 Qd5 31. Qxd5 cxd5 32. Ke2 Rb8 33. Kd3 Kf7
34. Kc3 Rc8+ 35. Kb3 Rc4 36. Rc2 Rb4+ 37. Kc3 Rc4+ 38. Kd3 Rxc2 39. Kxc2 Bf6
40. Kb3 Bd8 41. Ka4 Kf6 42. Kb5 e5 43. Kc5 Ke6 44. dxe5 Kxe5 45. Bd4+ Ke6 46.
a4 Be7+ 47. Kb5 Bb4 48. g4 Bd2 49. Bb6 Kd6 50. Bxa5 Bxa5 51. Kxa5 Kc5 52. Ka6
d4 53. Kb7 d3 54. a5 d2 55. a6 d1=Q 56. a7 Qd7+ 57. Ka6 Qb5# 0-1

[Event "XXVI Festival Conca della Presolana B"]
[Site "Bratto - Castione della Presolana ITA"]
[Date "2006.08.24"]
[Round "5"]
[White "Bernasconi, Roberto"]
[Black "Di Chiara, Mauro"]
[Result "1-0"]
[WhiteElo "1933"]
[BlackElo "1721"]
[PlyCount "135"]
[EventDate "2006.08.20"]

1. e4 g6 2. d4 c6 3. c3 d6 4. Nf3 Bg7 5. Bd3 Nd7 6. Be3 e5 7. Nbd2 Ne7 8. Qc2
O-O 9. O-O h6 10. Nc4 Qc7 11. dxe5 dxe5 12. a4 f5 13. Rad1 f4 14. Bc1 Nc5 15.
Be2 Be6 16. b4 Nxe4 17. Bd3 Nxc3 18. Qxc3 e4 19. Nd4 exd3 20. Nxe6 Bxc3 21.
Nxc7 Rac8 22. Ne6 Rf6 23. Nc5 Bxb4 24. Nxd3 Nd5 25. Nxb4 Nxb4 26. Rd6 Rcf8 27.
Rxf6 Rxf6 28. Rd1 Nd5 29. Rd3 Re6 30. Kf1 Re4 31. Nb2 g5 32. Rb3 b6 33. f3 Re6
34. Nd1 Kf7 35. Nf2 a6 36. Ne4 Kg6 37. Bd2 Kf7 38. Nc3 Nxc3 39. Bxc3 b5 40.
axb5 cxb5 41. Bb4 Rc6 42. Rc3 Re6 43. Rc2 Kg6 44. Rd2 Kf5 45. Rd5+ Kg6 46. Rd6
Rxd6 47. Bxd6 a5 48. Ke2 Kf5 49. Kd3 h5 50. h3 Ke6 51. Bf8 Kf5 52. Bd6 g4 53.
hxg4+ hxg4 54. Bc7 a4 55. Kc3 a3 56. Kb3 b4 57. Bd6 gxf3 58. gxf3 Kg5 59. Ka2
Kf5 60. Bxb4 Ke5 61. Bd2 Kf5 62. Kxa3 Ke5 63. Kb4 Kf5 64. Kc4 Ke5 65. Kc5 Kf5
66. Kd5 Kf6 67. Ke4 Ke6 68. Kxf4 1-0

[Event "XXVI Festival Conca della Presolana B"]
[Site "Bratto - Castione della Presolana ITA"]
[Date "2006.08.24"]
[Round "5"]
[White "Bettini, Massimo"]
[Black "Celli, Ugo"]
[Result "1/2-1/2"]
[WhiteElo "1887"]
[BlackElo "1733"]
[PlyCount "43"]
[EventDate "2006.08.20"]

1. e4 d6 2. d4 e5 3. Nf3 Nf6 4. Bc4 Nxe4 5. dxe5 c6 6. exd6 Nxd6 7. Bb3 Be7 8.
Bf4 O-O 9. O-O Na6 10. Re1 Nc5 11. Nc3 Nxb3 12. axb3 Nf5 13. Qe2 Be6 14. Red1
Qc8 15. Ra5 Bd8 16. Rxf5 Bxf5 17. Bd6 Bf6 18. Bxf8 Qxf8 19. Nd4 Re8 20. Qf3 Bg6
21. Nf5 Bxf5 22. Qxf5 1/2-1/2

[Event "XXVI Festival Conca della Presolana B"]
[Site "Bratto - Castione della Presolana ITA"]
[Date "2006.08.24"]
[Round "5"]
[White "Boffa, Mauro"]
[Black "Burbi, Marco"]
[Result "1-0"]
[WhiteElo "1900"]
[BlackElo "1793"]
[PlyCount "69"]
[EventDate "2006.08.20"]

1. d4 f5 2. c4 Nf6 3. Nc3 e6 4. f3 d5 5. e4 fxe4 6. fxe4 dxe4 7. Bg5 Bb4 8.
Nge2 O-O 9. a3 Be7 10. Bxf6 Bxf6 11. Nxe4 Nc6 12. d5 exd5 13. Qxd5+ Qxd5 14.
cxd5 Ne5 15. N2c3 Bf5 16. Be2 a6 17. O-O Be7 18. Rad1 Bg4 19. Rfe1 Rf7 20. Bxg4
Nxg4 21. b4 Raf8 22. Re2 Rd8 23. h3 Nf6 24. Ng5 Nxd5 25. Nxf7 Nxc3 26. Rxd8+
Bxd8 27. Re8+ Kxf7 28. Rxd8 Ke7 29. Rg8 Kf7 30. Rb8 b6 31. Ra8 a5 32. bxa5 bxa5
33. Rxa5 c6 34. Rc5 Nb5 35. a4 1-0

[Event "XXVI Festival Conca della Presolana B"]
[Site "Bratto - Castione della Presolana ITA"]
[Date "2006.08.24"]
[Round "5"]
[White "Bonotto, Giorgio"]
[Black "Gallavotti, Eugenio"]
[Result "1-0"]
[WhiteElo "1918"]
[BlackElo "1705"]
[PlyCount "119"]
[EventDate "2006.08.20"]

1. e4 c5 2. Nf3 a6 3. c4 h6 4. Nc3 Nc6 5. d4 cxd4 6. Nxd4 Nf6 7. Be3 Rb8 8. Be2
e5 9. Nc2 Nb4 10. O-O b6 11. a3 Nxc2 12. Qxc2 Bb7 13. f3 Bc5 14. Qd2 O-O 15.
Rfd1 Bc6 16. b4 Bxe3+ 17. Qxe3 b5 18. c5 Nh5 19. g3 f5 20. exf5 Rxf5 21. Ne4
Bxe4 22. Qxe4 Rg5 23. Kf2 Nf6 24. Qe3 Qf8 25. Kg2 Re8 26. Rd6 e4 27. f4 Nd5 28.
Qb3 Qf7 29. Kh1 Rf5 30. Bg4 Nc7 31. Qxf7+ Rxf7 32. Rxd7 Rxd7 33. Bxd7 Re7 34.
c6 e3 35. Kg2 Kf7 36. f5 Kf6 37. Kf3 e2 38. Re1 Nd5 39. Rxe2 Rxe2 40. Kxe2 g6
41. g4 gxf5 42. gxf5 Ke7 43. Kf3 Kd6 44. Ke4 Nf6+ 45. Kd4 h5 46. h4 Nd5 47. Ke4
Nf6+ 48. Kf4 Ke7 49. Kg5 Ne8 50. Kxh5 Nf6+ 51. Kg6 Nd5 52. Kg7 Nf6 53. Be6 Ne8+
54. Kg6 Kf8 55. f6 Nc7 56. Bb3 Ne8 57. h5 Nd6 58. c7 Ke8 59. Be6 Kf8 60. h6 1-0

[Event "XXVI Festival Conca della Presolana B"]
[Site "Bratto - Castione della Presolana ITA"]
[Date "2006.08.24"]
[Round "5"]
[White "Brunelli, Giovanni"]
[Black "Cambieri, Mario"]
[Result "1/2-1/2"]
[WhiteElo "1882"]
[BlackElo "1814"]
[PlyCount "120"]
[EventDate "2006.08.20"]

1. e4 c5 2. Nf3 d6 3. d4 cxd4 4. Nxd4 Nf6 5. Nc3 g6 6. Be2 Bg7 7. Be3 Bd7 8.
O-O O-O 9. f4 Nc6 10. Qd2 Rc8 11. Rad1 a6 12. a4 Qc7 13. h3 Nb4 14. f5 Nc6 15.
Bd3 Ne5 16. Bh6 Qb6 17. Nce2 Nxd3 18. cxd3 Bxa4 19. Rc1 Bb5 20. Bxg7 Kxg7 21.
Kh1 Nd7 22. fxg6 hxg6 23. Rxc8 Rxc8 24. Qg5 Nf6 25. Nf5+ Kf8 26. Nxe7 Kxe7 27.
Qxf6+ Kd7 28. Qxf7+ Kd8 29. Qg8+ Kc7 30. Rc1+ Bc6 31. Qg7+ Kb8 32. Nd4 Ka8 33.
Nxc6 bxc6 34. Qd7 Qc7 35. Qe6 Rb8 36. Qxg6 Rxb2 37. Qg8+ Rb8 38. Qc4 Rb6 39. d4
Ka7 40. g4 Qe7 41. Qd3 Qg5 42. Rf1 Rb7 43. Qc4 Qe3 44. Qc2 Qxh3+ 45. Kg1 Qxg4+
46. Qg2 Qxg2+ 47. Kxg2 Rb4 48. Rd1 Rb3 49. Kf2 Kb6 50. e5 dxe5 51. dxe5 Rb5 52.
Re1 Kc7 53. e6 Kd8 54. e7+ Ke8 55. Re6 Rc5 56. Ke2 a5 57. Re4 Rb5 58. Kd2 Rb7
59. Re6 Rc7 60. Kc3 c5 1/2-1/2

[Event "XXVI Festival Conca della Presolana B"]
[Site "Bratto - Castione della Presolana ITA"]
[Date "2006.08.24"]
[Round "5"]
[White "Elsido, Massimo"]
[Black "Simone, Marco"]
[Result "1/2-1/2"]
[WhiteElo "1742"]
[BlackElo "1880"]
[PlyCount "118"]
[EventDate "2006.08.20"]

1. e4 e6 2. d4 d5 3. e5 c5 4. c3 Qb6 5. Nf3 Nc6 6. a3 Bd7 7. g3 cxd4 8. cxd4
Nge7 9. b4 Nf5 10. Bb2 a5 11. b5 Na7 12. a4 Rc8 13. Ba3 Bb4+ 14. Bxb4 axb4 15.
Be2 Qa5 16. Nbd2 Rc3 17. Nb3 Rxb3 18. Qxb3 Bxb5 19. Bxb5+ Nxb5 20. Rd1 Nc3 21.
O-O O-O 22. Rd2 Rc8 23. Kg2 Rc4 24. Rc1 Ne7 25. Rd3 Nc6 26. Rc2 Qxa4 27. Rdxc3
bxc3 28. Ra2 Qxa2 29. Qxa2 g6 30. Qa8+ Kg7 31. Qxb7 h6 32. Qb1 c2 33. Qc1 Nb4
34. Ne1 Na2 35. Qxc2 Rxc2 36. Nxc2 g5 37. h4 Kg6 38. hxg5 hxg5 39. Kf3 Nc3 40.
Ne3 Nb5 41. Nc2 Kh5 42. Kg2 g4 43. Kf1 Kg5 44. Ke2 Nc3+ 45. Ke3 Ne4 46. Nb4 f6
47. exf6 Nxf6 48. Nc6 Ne4 49. Ne5 Nd6 50. Nc6 Nc4+ 51. Kd3 Kf6 52. Nb4 Kf5 53.
Nc2 Nb2+ 54. Ke3 e5 55. dxe5 Kxe5 56. f4+ gxf3 57. Kxf3 Nc4 58. Nb4 Nd2+ 59.
Ke2 Ne4 1/2-1/2